000 00280nam a22001337a 4500
008 181016b xxu||||| |||| 00| 0 eng d
020 _a9780021492671
041 _aeng
080 _a370
100 _a49
101 _aEDU
245 _aOur Nation
_cHill.M.M
942 _2udc
_cBK
999 _c49949
_d49949